[Event "Warren (Warmup"]
[Site "?"]
[Date "1994.??.??"]
[Round "?"]
[White "Haragely, C."]
[Black "Juergensen, F."]
[Result "0-1"]
[WhiteElo "1605"]
[BlackElo "1605"]
[PlyCount "32"]
[EventDate "1994.??.??"]

1. d4 d5 2. Nc3 Nf6 3. Nf3 g6 4. Bg5 Bg7 5. e3 Ne4 6. Bf4 c6 7. Be5 f6 8. Bf4
g5 9. Bxb8 Rxb8 10. Qd3 Bf5 11. O-O-O Qd7 12. Qe2 Nxc3 13. bxc3 c5 14. Qe1 c4
15. h3 Qa4 16. g4 Qxc2# 0-1

[Event "Warren (Warmup"]
[Site "?"]
[Date "1994.??.??"]
[Round "?"]
[White "Haragely, C."]
[Black "Hudy, M."]
[Result "0-1"]
[WhiteElo "1605"]
[BlackElo "1605"]
[PlyCount "64"]
[EventDate "1994.??.??"]

1. e4 c5 2. Nf3 d6 3. Bc4 Nf6 4. b3 g6 5. d4 cxd4 6. Nxd4 Bg7 7. Nd2 Nc6 8.
Nxc6 bxc6 9. Bd3 Nxe4 10. Rb1 Nc3 11. Qf3 Nxb1 12. Nxb1 O-O 13. O-O Bd7 14. Bg5
Be6 15. Qe3 Qb6 16. Qh3 Bxh3 17. gxh3 e5 18. Nd2 d5 19. c4 dxc4 20. Nxc4 Qc7
21. Re1 a5 22. a4 Rfe8 23. Be4 Rab8 24. Bd2 Rxb3 25. Nxa5 Rxh3 26. Nxc6 Qd7 27.
Bb4 Qg4+ 28. Kf1 Rxh2 29. a5 f5 30. Bd5+ Kh8 31. Rc1 e4 32. a6 Rh1# 0-1

[Event "Detroit (MCO/DEU/5/17)"]
[Site "?"]
[Date "1994.??.??"]
[Round "?"]
[White "Haragely, C."]
[Black "Elkins, J."]
[Result "1-0"]
[WhiteElo "1605"]
[BlackElo "1605"]
[PlyCount "65"]
[EventDate "1994.??.??"]

{5/(17)} 1. e4 e5 2. Nf3 d6 3. Nc3 Ne7 4. d3 c5 5. Be3 Bg4 6. Be2 Qa5 7. Qd2 g6
8. O-O-O Bg7 9. a3 b5 10. h3 Bxf3 11. Bxf3 b4 12. axb4 Qxb4 13. Bh6 Bxh6 14.
Qxh6 Nbc6 15. Nd5 Nxd5 16. exd5 Nd4 17. c3 Nb3+ 18. Kb1 Rb8 19. cxb4 Rxb4 20.
Qg7 Rf8 21. Kc2 a5 22. Bg4 f5 23. Bxf5 Nd4+ 24. Kc3 Nxf5 25. Qxh7 Ne7 26. Rhe1
Nxd5+ 27. Kc2 Rxf2+ 28. Rd2 Rxd2+ 29. Kxd2 Rxb2+ 30. Kc1 Nb4 31. Qxg6+ Kd8 32.
Qxd6+ Kc8 33. Kxb2 1-0

[Event "Warren (Warmup"]
[Site "?"]
[Date "1994.??.??"]
[Round "?"]
[White "Haragely, C."]
[Black "Abdul, A."]
[Result "0-1"]
[WhiteElo "1605"]
[BlackElo "1605"]
[PlyCount "100"]
[EventDate "1994.??.??"]

1. d4 d5 2. Nc3 Bf5 3. Bf4 Nf6 4. Nb5 Na6 5. a3 c6 6. Nc3 e6 7. Nf3 Nd7 8. e3
Nc7 9. Ne5 Nxe5 10. Bxe5 f6 11. Bg3 h5 12. h4 Bd6 13. Bxd6 Qxd6 14. Qd2 O-O-O
15. O-O-O e5 16. Na4 Bd7 17. Nc5 Ne6 18. Qa5 Nxc5 19. dxc5 Qb8 20. Rd3 e4 21.
Rb3 Qa8 22. Be2 Bg4 23. f3 exf3 24. gxf3 Bf5 25. f4 Rd7 26. a4 g6 27. Rc3 d4
28. exd4 Rxd4 29. Rf1 Qb8 30. b4 Rxf4 31. Bf3 Rd8 32. b5 Rdd4 33. Rd1 Rxd1+ 34.
Bxd1 Rf1 35. Re3 Qf4 36. Qd2 Bd7 37. Re7 Qxd2+ 38. Kxd2 Rf4 39. bxc6 bxc6 40.
Rg7 a5 41. Rxg6 Rxh4 42. c3 Rh2+ 43. Kd3 Bf5+ 44. Kc4 Bxg6 45. Bf3 Rd2 46. Bxc6
Bf7+ 47. Kb5 Kc7 48. Ba8 Rb2+ 49. Kxa5 Bc4 50. c6 Bd5 0-1

[Event "Detroit (MI Op/4/13)"]
[Site "?"]
[Date "1994.??.??"]
[Round "?"]
[White "Hankinson, Chris"]
[Black "Triplett, Thomas"]
[Result "1-0"]
[WhiteElo "2145"]
[BlackElo "1980"]
[PlyCount "41"]
[EventDate "1994.??.??"]

{4/(13)} 1. Nc3 e5 2. e4 Nf6 3. f4 d6 4. Bc4 Be7 5. Nf3 O-O 6. d3 Nc6 7. f5 Na5
8. O-O Nxc4 9. dxc4 b6 10. Kh1 Bb7 11. Qe1 Qd7 12. Bg5 a6 13. Rd1 Qc6 14. Nd5
Nxd5 15. cxd5 Qe8 16. Qh4 Bxg5 17. Nxg5 h6 18. f6 Qa4 19. fxg7 Kxg7 20. Qg4 Bc8
21. Ne6+ 1-0

[Event "Detroit (MI Op/6/14)"]
[Site "?"]
[Date "1994.??.??"]
[Round "?"]
[White "Hankinson, Chris"]
[Black "Kamberi, Sonny"]
[Result "1/2-1/2"]
[WhiteElo "2145"]
[BlackElo "2030"]
[PlyCount "58"]
[EventDate "1994.??.??"]

{6/(14)} 1. Nc3 d5 2. e4 e6 3. exd5 exd5 4. d4 Nf6 5. Bd3 Nc6 6. Nge2 Nb4 7.
O-O Be7 8. Ng3 Nxd3 9. Qxd3 O-O 10. Bf4 b6 11. Rfe1 Re8 12. Bg5 c6 13. Re2 a5
14. Bxf6 Bxf6 15. Rxe8+ Qxe8 16. Qd2 g6 17. Re1 Be6 18. Qf4 Kg7 19. Nd1 Qb8 20.
Qxb8 Rxb8 21. c3 b5 22. Ne2 b4 23. b3 Bf5 24. cxb4 Rxb4 25. Ne3 Bd3 26. Nc3
Bxd4 27. Na4 Bxe3 28. fxe3 Rb8 29. Rc1 Bb5 1/2-1/2

[Event "Detroit (MI Op/2/17)"]
[Site "?"]
[Date "1994.??.??"]
[Round "?"]
[White "Hankinson, Chris"]
[Black "Harma, K."]
[Result "1-0"]
[WhiteElo "2145"]
[BlackElo "1845"]
[PlyCount "101"]
[EventDate "1994.??.??"]

{2/(17)} 1. Nc3 c5 2. e4 Nc6 3. Nge2 g6 4. d4 cxd4 5. Nxd4 Bg7 6. Nde2 Nf6 7.
g3 Qb6 8. Bg2 O-O 9. O-O d6 10. h3 Be6 11. Nd5 Bxd5 12. exd5 Ne5 13. a4 Rac8
14. Ra2 Nfd7 15. b3 Nc5 16. Be3 Ned7 17. Qd2 Qc7 18. Nd4 Bxd4 19. Bxd4 e5 20.
dxe6 Nxe6 21. Be3 Nf6 22. c4 b6 23. a5 Nc5 24. Qd4 Nh5 25. Qc3 Ne6 26. axb6
axb6 27. Rfa1 Qe7 28. Bxb6 Rc5 29. Ra7 Qg5 30. Bxc5 dxc5 31. Qe3 Qf6 32. R1a6
Qb2 33. Bd5 Nhg7 34. Ra8 Qb1+ 35. Kg2 Nf5 36. Rxf8+ Nxf8 37. Qe8 Ne3+ 38. Qxe3
Qf5 39. Ra8 Kg7 40. Qe7 Nd7 41. g4 Qf6 42. Qxd7 Kh6 43. Qxf7 Qd4 44. Qf8+ Kg5
45. f4+ Qxf4 46. h4+ Kxg4 47. Bf3+ Qxf3+ 48. Qxf3+ Kxh4 49. Qf6+ Kh5 50. Kg3 g5
51. Rg8 1-0

[Event "Detroit (MI Op/2/9)"]
[Site "?"]
[Date "1994.??.??"]
[Round "?"]
[White "Hahn, David"]
[Black "Triplett, Thomas"]
[Result "1-0"]
[WhiteElo "2230"]
[BlackElo "1980"]
[PlyCount "71"]
[EventDate "1994.??.??"]

{2/(9)} 1. c4 Nf6 2. Nc3 g6 3. e4 d6 4. d4 Bg7 5. f3 c6 6. Bg5 Qa5 7. Qd2 a6 8.
Bd3 b5 9. Nge2 Nbd7 10. O-O Bb7 11. Kh1 O-O 12. a3 bxc4 13. Bxc4 Qc7 14. Ba2 a5
15. Rac1 Ba6 16. Nd5 Nxd5 17. exd5 c5 18. dxc5 dxc5 19. Bxe7 Rfe8 20. d6 Qb7
21. Bd5 Qxb2 22. Bxf7+ Kh8 23. Rc2 Qb8 24. Re1 Bxe2 25. Qxe2 Rc8 26. Qe6 Qb5
27. Rc4 Nf8 28. Qh3 Rcb8 29. Bxf8 Bxf8 30. Bxg6 h6 31. Rh4 Ra7 32. Bf5 Rf7 33.
Rxh6+ Bxh6 34. Qxh6+ Kg8 35. Be6 Qd3 36. Bxf7+ 1-0

[Event "Detroit (MI Op/3/8)"]
[Site "?"]
[Date "1994.??.??"]
[Round "?"]
[White "Hahn, David"]
[Black "Thomas, Henry"]
[Result "1-0"]
[WhiteElo "2230"]
[BlackElo "1840"]
[PlyCount "43"]
[EventDate "1994.??.??"]

{3/(8)} 1. c4 f5 2. g3 Nf6 3. Bg2 e6 4. Nf3 Be7 5. O-O O-O 6. d4 a5 7. Nc3 Na6
8. b3 Ne4 9. Bb2 Bf6 10. e3 c5 11. Nxe4 fxe4 12. Ne1 d5 13. f3 cxd4 14. exd4
exf3 15. Nxf3 Nc7 16. Ba3 Rf7 17. Ne5 Bxe5 18. dxe5 b5 19. Rxf7 Kxf7 20. Qh5+
Kg8 21. Rf1 b4 22. Qf7+ 1-0

[Event "Detroit (MI Op/7/8)"]
[Site "?"]
[Date "1994.??.??"]
[Round "?"]
[White "Hahn, David"]
[Black "Rajlich, Vasik"]
[Result "0-1"]
[WhiteElo "2230"]
[BlackElo "2100"]
[PlyCount "80"]
[EventDate "1994.??.??"]

{7/(8)} 1. c4 e5 2. g3 g6 3. d4 exd4 4. Qxd4 Qf6 5. Nf3 Bg7 6. Qxf6 Nxf6 7. Nc3
O-O 8. Bg2 Nc6 9. O-O d6 10. Nb5 Ne8 11. Rd1 Be6 12. Nd2 a5 13. Rb1 a4 14. Bxc6
bxc6 15. Na3 Nf6 16. e4 Bh3 17. Nc2 Rae8 18. f3 Nd7 19. b3 f5 20. Bb2 Bxb2 21.
Rxb2 Nc5 22. bxa4 fxe4 23. Nxe4 Nxe4 24. fxe4 Rxe4 25. Nb4 Rxc4 26. a5 Rb8 27.
Rdb1 Kg7 28. a6 Ra8 29. Re1 Kf6 30. a3 h5 31. Rf2+ Kg5 32. Rf7 c5 33. Rxc7 Rd4
34. Nc6 Rd2 35. a7 Rg2+ 36. Kh1 Ra2 37. Ne5 dxe5 38. Rxe5+ Kf6 39. Rexc5 Rxa7
40. R7c6+ Ke7 0-1

[Event "Detroit (MI Op/5/8)"]
[Site "?"]
[Date "1994.??.??"]
[Round "?"]
[White "Hahn, David"]
[Black "Lang, J."]
[Result "1-0"]
[WhiteElo "2230"]
[BlackElo "2000"]
[PlyCount "71"]
[EventDate "1994.??.??"]

{5/(8)} 1. c4 c5 2. g3 Nc6 3. Bg2 Nf6 4. Nc3 g6 5. e4 Bg7 6. Nge2 d6 7. d3 Bd7
8. Be3 Qa5 9. O-O h5 10. f3 h4 11. g4 h3 12. Bh1 Bxg4 13. fxg4 Nxg4 14. Bf4 Nd4
15. Bf3 Nxf3+ 16. Rxf3 O-O-O 17. Qa4 Qb6 18. Rb1 e6 19. Qb5 Qc7 20. b4 a6 21.
Qa5 Qxa5 22. bxa5 f5 23. Rb6 Kc7 24. Rg3 Rh5 25. exf5 gxf5 26. Na4 e5 27. Bd2
Bf6 28. Nac3 Bh4 29. Nd5+ Kb8 30. Rf3 Rg8 31. Ng3 Bxg3 32. Rxg3 f4 33. Nxf4
exf4 34. Bxf4 Nf6 35. Rxd6 Rxg3+ 36. Bxg3 1-0

[Event "Detroit (MCO/A/4/13)"]
[Site "?"]
[Date "1994.??.??"]
[Round "?"]
[White "Haakonstad, Olaf"]
[Black "Turner, Keita"]
[Result "0-1"]
[WhiteElo "1815"]
[BlackElo "1820"]
[PlyCount "74"]
[EventDate "1994.??.??"]

{4/(13)} 1. e4 c5 2. Nc3 g6 3. g3 Bg7 4. Bg2 Nc6 5. d3 d6 6. Be3 Nf6 7. h3 O-O
8. Qd2 a6 9. Bh6 Qb6 10. Bxg7 Kxg7 11. Rb1 e5 12. Nge2 Qd8 13. O-O Bd7 14. f4
exf4 15. Qxf4 Ne5 16. g4 h6 17. Ng3 Nh7 18. Rf2 Qh4 19. Nd5 Rae8 20. Rbf1 Ng5
21. Nf6 Re7 22. Nfh5+ gxh5 23. Qf6+ Kh7 24. Nxh5 Rg8 25. Nf4 Ngf3+ 26. Bxf3
Qxf6 27. Nd5 Qh4 28. Bg2 Re6 29. Nf6+ Rxf6 30. Rxf6 Rg6 31. R1f4 h5 32. c3 hxg4
33. d4 Qg3 34. dxe5 gxh3 35. Rxf7+ Kh6 36. Rf2 hxg2 37. R7f3 Qh2+ 0-1

[Event "Detroit (MI Op/6/35)"]
[Site "?"]
[Date "1994.??.??"]
[Round "?"]
[White "Haakonstad, Olaf"]
[Black "Randel, D."]
[Result "1/2-1/2"]
[WhiteElo "1820"]
[BlackElo "1730"]
[PlyCount "84"]
[EventDate "1994.??.??"]

{6/(35)} 1. e4 c5 2. Nc3 Nc6 3. g3 g6 4. Bg2 Bg7 5. d3 e6 6. Be3 d6 7. Qd2 Nge7
8. Nge2 Nd4 9. O-O O-O 10. Nd1 Rb8 11. Re1 b5 12. c3 Nxe2+ 13. Rxe2 Bb7 14. Bh6
d5 15. Bxg7 Kxg7 16. Ne3 Ng8 17. Rd1 d4 18. cxd4 cxd4 19. Ng4 f6 20. e5 f5 21.
Nf6 Nxf6 22. exf6+ Qxf6 23. Qa5 Bxg2 24. Kxg2 Qe7 25. Rde1 Rb6 26. Re5 Rc8 27.
R1e2 Kf6 28. f3 Qd7 29. Qe1 Re8 30. g4 fxg4 31. Qh4+ Kg7 32. fxg4 Qc6+ 33. Kg3
Rf8 34. R5e4 Qd6+ 35. Kg2 Re8 36. g5 e5 37. Rf2 Qe7 38. Qg3 Re6 39. h4 Kg8 40.
Rfe2 a6 41. Qe1 Qb7 42. Qb4 Qc6 1/2-1/2

[Event "Detroit (MCO/A/3b/5)"]
[Site "?"]
[Date "1994.??.??"]
[Round "?"]
[White "Haakonstad, Olaf"]
[Black "Morris, Jewell"]
[Result "0-1"]
[WhiteElo "1815"]
[BlackElo "1905"]
[PlyCount "100"]
[EventDate "1994.??.??"]

1. e4 e6 2. d4 d5 3. Nc3 Bb4 4. Bd2 Bxc3 5. Bxc3 dxe4 6. Qg4 Qf6 7. d5 Qg6 8.
Qxg6 hxg6 9. Bxg7 Rh5 10. dxe6 Bxe6 11. O-O-O Nd7 12. Ne2 f6 13. Nf4 Re5 14.
Nxe6 Rxe6 15. Bc4 Re7 16. Bxg8 Rxg7 17. Bd5 O-O-O 18. Bxe4 Re8 19. Rhe1 Rge7
20. f3 f5 21. Bxf5 gxf5 22. Rxe7 Rxe7 23. Rd5 Re2 24. Rxf5 Rxg2 25. Rh5 c6 26.
f4 Nf6 27. Rf5 Ne4 28. c3 Rxh2 29. Rf8+ Kc7 30. f5 Rf2 31. Rf7+ Kb6 32. Re7 Nd6
33. Re6 Nxf5 34. Rf6 Rf1+ 35. Kd2 Ne3 36. Re6 Nc4+ 37. Ke2 Ra1 38. b3 Rxa2+ 39.
Kd3 Nb2+ 40. Kd4 Nd1 41. Kd3 Nf2+ 42. Kc4 Ra5 43. b4 Rd5 44. Kb3 Kc7 45. Re2
Nd3 46. Kc2 Ne5 47. Re4 b5 48. Rh4 Nc4 49. Rh7+ Kb6 50. Rh8 Rd2+ 0-1

[Event "Detroit (MI Op/3/33)"]
[Site "?"]
[Date "1994.??.??"]
[Round "?"]
[White "Haakonstad, Olaf"]
[Black "Kulbacki, James"]
[Result "1-0"]
[WhiteElo "1820"]
[BlackElo "2005"]
[PlyCount "47"]
[EventDate "1994.??.??"]

{3/(33)} 1. e4 e6 2. Nc3 d5 3. d4 Nf6 4. e5 Nfd7 5. f4 c5 6. Nf3 Nc6 7. Be3 Qb6
8. Na4 Qa5+ 9. c3 cxd4 10. Bd2 b5 11. Nc5 dxc3 12. Bxc3 b4 13. Nb3 Qb6 14. Bd4
Nxd4 15. Nfxd4 Be7 16. Rc1 Bb7 17. Bb5 a6 18. Ba4 g5 19. f5 a5 20. Qh5 Kd8 21.
Bxd7 Kxd7 22. Qxf7 Raf8 23. Nc5+ Qxc5 24. Qxe6+ 1-0

[Event "Detroit (MI Op/1b/6)"]
[Site "?"]
[Date "1994.??.??"]
[Round "?"]
[White "Haakonstad, Olaf"]
[Black "Jarosz, Stan"]
[Result "0-1"]
[WhiteElo "1820"]
[BlackElo "2085"]
[PlyCount "74"]
[EventDate "1994.??.??"]

1. e4 c5 2. Nc3 Nc6 3. g3 g6 4. Bg2 Bg7 5. d3 d6 6. Be3 Nf6 7. Nge2 O-O 8. O-O
Rb8 9. h3 b5 10. Qd2 b4 11. Nd1 Bb7 12. Bh6 a5 13. Bxg7 Kxg7 14. f4 Qb6 15. Kh2
Nd4 16. Ne3 Nxe2 17. Qxe2 a4 18. f5 b3 19. c3 bxa2 20. Rxa2 Bc6 21. Rf2 Qc7 22.
c4 Rb3 23. Nd5 Bxd5 24. exd5 Qd7 25. g4 Rfb8 26. fxg6 hxg6 27. Qf3 Qe8 28. g5
Nd7 29. Qe4 R8b4 30. Bf3 Ne5 31. Rd2 Qb8 32. Be2 Rxb2 33. Rdxb2 Rxb2 34. Rxa4
Qb3 35. Ra1 Qc2 36. Re1 Qd2 37. Qh4 Nf3+ 0-1

[Event "Detroit (MCO/B/5/6)"]
[Site "?"]
[Date "1994.??.??"]
[Round "?"]
[White "Gyori, V."]
[Black "Whitworth, M."]
[Result "0-1"]
[WhiteElo "1605"]
[BlackElo "1630"]
[PlyCount "94"]
[EventDate "1994.??.??"]

{5/(6)} 1. d4 d5 2. c4 c6 3. Nc3 e6 4. cxd5 cxd5 5. Nf3 Nf6 6. Bf4 Be7 7. e3 a6
8. a4 Nc6 9. Bd3 Nb4 10. O-O Nxd3 11. Qxd3 Bd7 12. Rfc1 O-O 13. Rab1 Rc8 14. b4
Nh5 15. Bg3 Nxg3 16. hxg3 Be8 17. e4 f6 18. b5 axb5 19. axb5 Bg6 20. Nh4 dxe4
21. Nxe4 Rxc1+ 22. Rxc1 Bf7 23. Nc5 b6 24. Na6 e5 25. Nf5 Bg6 26. Nxe7+ Qxe7
27. Qc3 exd4 28. Qxd4 Qa3 29. Ra1 Qb3 30. Qxb6 Bb1 31. Kh2 Re8 32. Qc6 Re5 33.
Qc8+ Kf7 34. Qd7+ Kg6 35. Nc7 Qb2 36. Rxb1 Rh5+ 37. Qh3 Rxh3+ 38. Kxh3 Qxb1 39.
Kg4 Qe4+ 40. Kh3 Qb7 41. Ne6 Qxb5 42. Nf4+ Kf7 43. Kg4 g6 44. f3 Qf5+ 45. Kh4
g5+ 46. Kh5 gxf4+ 47. Kh4 Qg5+ 0-1

[Event "Detroit (MCO/B/2a/4)"]
[Site "?"]
[Date "1994.??.??"]
[Round "?"]
[White "Gyori, V."]
[Black "Sattler, Peter"]
[Result "1-0"]
[WhiteElo "1605"]
[BlackElo "1735"]
[PlyCount "75"]
[EventDate "1994.??.??"]

1. d4 Nf6 2. c4 g6 3. Nc3 Bg7 4. e4 d6 5. f3 Nc6 6. Be3 O-O 7. Nge2 a6 8. h4 e5
9. d5 Ne7 10. Nc1 Nh5 11. Bf2 c6 12. Nd3 cxd5 13. cxd5 b5 14. Qd2 Bb7 15. O-O-O
Rc8 16. Kb1 f5 17. g4 fxg4 18. fxg4 Nf4 19. Bg3 Nxd3 20. Qxd3 Qb6 21. Bg2 Rc4
22. Rhf1 Rxf1 23. Rxf1 Qd8 24. Qf3 Qe8 25. Bh3 Bc8 26. Bh2 Bd7 27. g5 Bxh3 28.
Qxh3 Nc8 29. Qf3 Rc7 30. Rh1 Nb6 31. Ka1 b4 32. Ne2 Qc8 33. h5 gxh5 34. Qxh5
Na4 35. Bg3 Bh8 36. g6 Qd7 37. gxh7+ Kf8 38. Rf1+ 1-0

[Event "Detroit (MCO/B/6/5)"]
[Site "?"]
[Date "1994.??.??"]
[Round "?"]
[White "Gyori, V."]
[Black "Jointer, William"]
[Result "0-1"]
[WhiteElo "1605"]
[BlackElo "1700"]
[PlyCount "84"]
[EventDate "1994.??.??"]

{6/(5)} 1. d4 Nf6 2. c4 g6 3. Nc3 Bg7 4. e4 d6 5. f3 O-O 6. Be3 c5 7. Nge2 b6
8. dxc5 bxc5 9. Qd2 Nc6 10. O-O-O Be6 11. Nf4 Bd7 12. h4 Qa5 13. g4 Nb4 14. a3
Rfb8 15. axb4 Qxb4 16. Rh2 Qa5 17. Qc2 Rb4 18. Bd2 Rab8 19. Nb5 Qa1+ 20. Qb1
Qxb1+ 21. Kxb1 Ra4 22. Bd3 a6 23. b3 axb5 24. bxa4 bxc4+ 25. Ka2 cxd3 26. Nxd3
Bxa4 27. Rc1 Ra8 28. Kb1 Nd7 29. Bc3 Bb5 30. Nb2 Ne5 31. Bxe5 Bxe5 32. Rhh1 Be2
33. Rh3 Rb8 34. Rc2 Bd3 35. Kc1 Bxc2 36. Kxc2 Rxb2+ 37. Kc1 Rf2 38. Kd1 c4 39.
Ke1 Bd4 40. Kd1 c3 41. Kc1 Be3+ 42. Kd1 c2+ 0-1

[Event "Grand Rapids (MI Am/4/30)"]
[Site "?"]
[Date "1994.??.??"]
[Round "?"]
[White "Guenther, B."]
[Black "Phillips, T."]
[Result "0-1"]
[WhiteElo "1605"]
[BlackElo "1605"]
[PlyCount "116"]
[EventDate "1994.??.??"]

{4/(30)} 1. e4 d6 2. d4 g6 3. c4 Bg7 4. Nc3 Nf6 5. Be2 O-O 6. Be3 b6 7. f4 Bb7
8. d5 Nbd7 9. g4 c6 10. g5 Ne8 11. Bd4 cxd5 12. Bxg7 Kxg7 13. cxd5 f6 14. h4
fxg5 15. fxg5 Rh8 16. h5 Nc7 17. h6+ Kf7 18. Bg4 Ne5 19. Nh3 Nxg4 20. Qxg4 Ke8
21. Nf4 Qd7 22. Ne6 Bc8 23. Ng7+ Kd8 24. Qxd7+ Bxd7 25. O-O-O e6 26. dxe6 Nxe6
27. Nxe6+ Bxe6 28. Rxd6+ Ke7 29. e5 Rac8 30. Kb1 Rc5 31. Re1 Bf5+ 32. Ka1 Re8
33. Rf6 Kd8 34. Rd6+ Kc7 35. Nd5+ Kb7 36. Nf6 Rcxe5 37. a3 Rxe1+ 38. Ka2 Be6+
39. Rxe6 R8xe6 40. Nxh7 Rh1 41. Nf8 Ree1 42. h7 Ra1+ 43. Kb3 Raf1 44. Nxg6 Rxh7
45. Ne5 Rh3+ 46. Ka2 Rf5 47. Nd3 Rxg5 48. Nf2 Rh2 49. Ne4 Rb5 50. Nd6+ Kc6 51.
Nxb5 Kxb5 52. Kb3 a5 53. a4+ Kc5 54. Kc3 Rh3+ 55. Kc2 Kc4 56. Kb1 Kb3 57. Kc1
Rd3 58. Kb1 Rd1# 0-1

[Event "Grand Rapids (MI Am/2/31)"]
[Site "?"]
[Date "1994.??.??"]
[Round "?"]
[White "Guenther, B."]
[Black "Arenson, Kevin"]
[Result "1-0"]
[WhiteElo "1605"]
[BlackElo "1605"]
[PlyCount "119"]
[EventDate "1994.??.??"]

{2/(31)} 1. e4 e5 2. Bc4 Nf6 3. Nc3 Nc6 4. Nf3 Bb4 5. Nd5 d6 6. c3 Bc5 7. b4
Bxf2+ 8. Kxf2 Nxe4+ 9. Kg1 Be6 10. d3 Bxd5 11. Bxd5 Nxc3 12. Bxf7+ Kf8 13. Qc2
Nd4 14. Nxd4 exd4 15. Qf2 Qf6 16. Qxf6 gxf6 17. Bh5 Kg7 18. h3 a5 19. Kh2 axb4
20. Bb2 Rxa2 21. Rxa2 Nxa2 22. Bxd4 c5 23. Ra1 Ra8 24. Bb2 d5 25. Bf3 c4 26.
Bxd5 c3 27. Bc1 Rd8 28. Bxa2 Ra8 29. Rb1 Rxa2 30. Rxb4 c2 31. Rxb7+ Kg6 32. Rc7
Kf5 33. Rxh7 Ra1 34. g4+ Ke6 35. Bd2 Re1 36. Kg3 Rd1 37. Bh6 Rxd3+ 38. Kh4 Rd4
39. Rc7 f5 40. Rxc2 fxg4 41. hxg4 Kf6 42. Rc6+ Kf7 43. Kh5 Rd5+ 44. g5 Rf5 45.
Kg4 Re5 46. g6+ Ke7 47. Kf4 Re6 48. Rxe6+ Kxe6 49. Kg5 Ke7 50. Bg7 Ke6 51. Kh6
Ke7 52. Kh7 Ke8 53. Ba1 Kd7 54. g7 Kd6 55. g8=Q Kc5 56. Qd8 Kb4 57. Qd5 Ka4 58.
Qb7 Ka3 59. Bc3 Ka4 60. Qb4# 1-0

[Event "Detroit (MOR/7/15)"]
[Site "?"]
[Date "1994.??.??"]
[Round "?"]
[White "Grzegorczyk, Ron"]
[Black "Woolery, Bob"]
[Result "0-1"]
[WhiteElo "1605"]
[BlackElo "1605"]
[PlyCount "44"]
[EventDate "1994.??.??"]

{7/(15)} 1. e4 c5 2. Nf3 d6 3. d4 cxd4 4. Nxd4 Nf6 5. Nc3 g6 6. Bd2 Nc6 7. Nf3
e6 8. Bd3 Be7 9. O-O O-O 10. h3 Nd7 11. Ne2 Nde5 12. Ned4 Bf6 13. Nxe5 Nxe5 14.
Rb1 Nxd3 15. Be3 Bxd4 16. Bxd4 e5 17. Bc3 Nf4 18. Bb4 Qg5 19. Qf3 Nxh3+ 20. Kh1
Nf4 21. Bxd6 Bg4 22. Qg3 Qh5+ 0-1

[Event "Detroit (MOR/3/34)"]
[Site "?"]
[Date "1994.??.??"]
[Round "?"]
[White "Grzegorczyk, Ron"]
[Black "Vaughn, Gerald"]
[Result "1-0"]
[WhiteElo "1605"]
[BlackElo "1605"]
[PlyCount "71"]
[EventDate "1994.??.??"]

{3/(34)} 1. e4 c5 2. Nf3 Nc6 3. c4 g6 4. Nc3 Nd4 5. Nxd4 cxd4 6. Ne2 Bg7 7. Ng3
d6 8. Bd3 Nf6 9. O-O O-O 10. Be2 h5 11. d3 h4 12. Nh1 h3 13. f4 hxg2 14. Kxg2
e6 15. Ng3 Kh7 16. h4 Rh8 17. h5 Kg8 18. hxg6 fxg6 19. Rh1 Kf7 20. Bd2 Bd7 21.
Qf1 Qb6 22. b3 Rh7 23. f5 exf5 24. exf5 Rxh1 25. fxg6+ Kxg6 26. Nxh1 Rh8 27.
Qg1 Bc6+ 28. Bf3 Kf7 29. Ng3 Ng4 30. Ne4 Bxe4 31. Bxe4 Rh2+ 32. Kf1 Rxd2 33.
Qxg4 d5 34. Bxd5+ Kf8 35. Qc8+ Ke7 36. Re1+ 1-0

[Event "Detroit (MOR/1b/17)"]
[Site "?"]
[Date "1994.??.??"]
[Round "?"]
[White "Grzegorczyk, Ron"]
[Black "Radway, J."]
[Result "1-0"]
[WhiteElo "1605"]
[BlackElo "1605"]
[PlyCount "87"]
[EventDate "1994.??.??"]

1. e4 d5 2. exd5 Qxd5 3. Nc3 Qe5+ 4. Qe2 Qxe2+ 5. Bxe2 Nf6 6. Nf3 g6 7. Nb5 Nd5
8. a3 c6 9. c4 Bg7 10. cxd5 cxb5 11. Bxb5+ Bd7 12. Bxd7+ Nxd7 13. d4 O-O 14.
O-O h5 15. Re1 e6 16. d6 h4 17. h3 b5 18. Bg5 Rfd8 19. Bxd8 Rxd8 20. Rac1 Nb6
21. Nxh4 Rxd6 22. Nf3 Bxd4 23. Nxd4 Rxd4 24. Rc7 a5 25. Rc5 a4 26. Rxb5 Nd5 27.
f3 Nf4 28. Re4 Rxe4 29. fxe4 f5 30. exf5 exf5 31. b4 Ne2+ 32. Kf2 Nc3 33. Rb7
Ne4+ 34. Kf3 Nd6 35. Ra7 Nc4 36. Kf4 Nxa3 37. Rxa4 Nc4 38. b5 Kf7 39. Rxc4 Kf6
40. b6 g5+ 41. Kf3 g4+ 42. hxg4 Ke5 43. b7 Kd5 44. Rc1 1-0

[Event "Detroit (MOR/5/36)"]
[Site "?"]
[Date "1994.??.??"]
[Round "?"]
[White "Grzegorczyk, Ron"]
[Black "McNeil, Yaking"]
[Result "1-0"]
[WhiteElo "1605"]
[BlackElo "1605"]
[PlyCount "55"]
[EventDate "1994.??.??"]

{5/(36)} 1. e4 c5 2. Nf3 d6 3. d4 cxd4 4. Nxd4 Nf6 5. Nc3 g6 6. Be2 Bg7 7. Be3
Nc6 8. Bf3 Bd7 9. O-O O-O 10. Nd5 Nxd5 11. exd5 Nxd4 12. Bxd4 Bxd4 13. Qxd4 Bf5
14. c3 Qc7 15. Rfe1 Rfe8 16. Re3 b6 17. Rae1 Rab8 18. g4 Bc8 19. h4 Rb7 20. h5
Qc5 21. Qf4 e5 22. dxe6 Rxe6 23. Rxe6 fxe6 24. Bxb7 Bxb7 25. Qe3 Qd5 26. Qxe6+
Qxe6 27. Rxe6 Bd5 28. Rxd6 1-0

[Event "Detroit (MOR/1a/28)"]
[Site "?"]
[Date "1994.??.??"]
[Round "?"]
[White "Griffin, John"]
[Black "Rodriguez, Brian"]
[Result "1-0"]
[WhiteElo "1605"]
[BlackElo "1605"]
[PlyCount "133"]
[EventDate "1994.??.??"]

1. d4 d5 2. c4 dxc4 3. Nf3 Nf6 4. Nc3 Nc6 5. g3 Bg4 6. Bg2 Bxf3 7. Bxf3 Nxd4 8.
Bxb7 Rb8 9. Bg2 e6 10. O-O Bc5 11. Qa4+ c6 12. e3 Rb4 13. Qd1 O-O 14. exd4 Bxd4
15. Qc2 Qa5 16. Bd2 Qe5 17. a3 Rb7 18. Bxc6 Rb6 19. Bg2 Qh5 20. Qd1 Ng4 21. h3
Nf6 22. Qxh5 Nxh5 23. Rab1 Nxg3 24. Rfe1 e5 25. Be3 Bxe3 26. Rxe3 Nf5 27. Rxe5
Nh4 28. Rc5 Nxg2 29. Kxg2 Rg6+ 30. Kf1 h6 31. Rxc4 Re8 32. Ne2 Re5 33. Nf4 Rgg5
34. Rd1 Ref5 35. Ng2 Rh5 36. Rd8+ Kh7 37. Rf4 Re5 38. Rxf7 Rxh3 39. Ne3 Rg5 40.
Rdd7 Rh1+ 41. Ke2 h5 42. Nf5 Kg6 43. Ng3 Rb1 44. Rxg7+ Kf6 45. Ne4+ Kf5 46.
Nxg5 Rxb2+ 47. Kf1 Rb3 48. Rxa7 Ke5 49. Kg2 Kd4 50. Ne6+ Kc3 51. Rg3+ Kb2 52.
Rxb3+ Kxb3 53. Kh3 Kc4 54. f4 Kd5 55. Ng7 Kc6 56. Nxh5 Kb6 57. Re7 Kc6 58. f5
Kd5 59. f6 Kd6 60. Re1 Kd5 61. f7 Kd4 62. f8=Q Kd3 63. Qd6+ Kc2 64. Re3 Kc1 65.
Rc3+ Kb2 66. Qd2+ Kb1 67. Rc1# 1-0

[Event "Romulus (RVO/5/10)"]
[Site "?"]
[Date "1994.??.??"]
[Round "?"]
[White "Griffin, John"]
[Black "Parham, B."]
[Result "0-1"]
[WhiteElo "1605"]
[BlackElo "2105"]
[PlyCount "90"]
[EventDate "1994.??.??"]

{5/(10)} 1. d4 d5 2. c4 dxc4 3. Nf3 b5 4. a4 c6 5. g3 Bb7 6. Bg2 Nd7 7. O-O e6
8. Ne5 Nxe5 9. dxe5 Qc7 10. axb5 cxb5 11. Bxb7 Qxb7 12. Qc2 Ne7 13. b3 cxb3 14.
Qxb3 Nc6 15. Bb2 Be7 16. Na3 O-O 17. Qxb5 Qxb5 18. Nxb5 Rab8 19. Ba3 Rxb5 20.
Bxe7 Nxe7 21. Rxa7 Nc6 22. Rc7 Nxe5 23. Ra1 g5 24. e3 g4 25. Kg2 Rb2 26. Ra5 f6
27. Ra6 Nf3 28. Raa7 Ng5 29. Rg7+ Kh8 30. Rgd7 Rc8 31. Rdb7 Rxb7 32. Rxb7 Rc1
33. h3 h5 34. hxg4 hxg4 35. Rb8+ Kg7 36. Rb7+ Kg6 37. Rb8 Kh6 38. Rh8+ Kg7 39.
Rh1 Rc2 40. Rf1 f5 41. Kg1 e5 42. Kh1 e4 43. f3 Nxf3 44. Rf2 Rc1+ 45. Kg2 Rg1#
0-1

[Event "Detroit (Class B/3/15)"]
[Site "?"]
[Date "1994.??.??"]
[Round "?"]
[White "Griffin, John"]
[Black "Moore, Robert"]
[Result "0-1"]
[WhiteElo "1605"]
[BlackElo "1720"]
[PlyCount "92"]
[EventDate "1994.??.??"]

{3/(15)} 1. d4 g6 2. c4 Bg7 3. Nf3 d6 4. g3 Nd7 5. Bg2 e5 6. Nc3 f5 7. e3 c6 8.
O-O Ngf6 9. dxe5 Nxe5 10. Nxe5 dxe5 11. Qxd8+ Kxd8 12. e4 Be6 13. b3 Ke7 14.
Ba3+ Kf7 15. Rad1 Rad8 16. exf5 gxf5 17. Na4 b6 18. Bxc6 e4 19. Bb5 Ng4 20. h3
Ne5 21. c5 Nf3+ 22. Kg2 Nd4 23. Ba6 Bd5 24. Nc3 Bc6 25. Be2 Nxe2 26. Nxe2 Bb5
27. Rfe1 Rxd1 28. Rxd1 Bxe2 29. Rd7+ Kg6 30. cxb6 axb6 31. Rd6+ Kh5 32. Rxb6
Ra8 33. Bc1 Rxa2 34. Rb7 Bf3+ 35. Kh2 Rxf2+ 36. Kg1 Rg2+ 37. Kf1 Rxg3 38. Rb5
Kg6 39. h4 Bd4 40. Ke1 e3 41. h5+ Bxh5 42. Kf1 e2+ 43. Ke1 Bc3+ 44. Bd2 Rg1+
45. Kf2 Bd4+ 46. Be3 e1=Q# 0-1